000 00689nam a2200289Ia 4500
008 160716s9999||||xx |||||||||||||| ||und||
040 _cEnglish
082 _aXIC/Tapovanam
082 _bBORI-96578
100 _aTapovanam
245 _aGuidance From The Guru
260 _aBombay
260 _bCentral Chinmaya Mission Trust
300 _a41
300 _cA
300 _ePaperback
530 _bKalpantai Paranjape
530 _u00096578.pdf
563 _aStudy
600 _aTapovanam
630 _aGuidance From The Guru
650 _aGeneral Indology
650 _aPhilosophy
700 _aTapovanam
730 _aGuidance From The Guru
942 _cBOOK
999 _c1399652
_d1399649